The Soldier and the State : The Theory and Politics of Civil-Military Relations /

Esta es una obra ya clásica, donde el autor cuestiona muchos de los viejos supuestos sobre el papel de los militares en la sociedad, y desarrolla una teoría general de las relaciones entre la sociedad civil y la milicia.

Gardado en:
Detalles Bibliográficos
Autor Principal: Huntington, Samuel P. (autor)
Formato: Libro
Idioma:inglés
Publicado: Cambridge, EUA : Harvard University, Belknap, 1998, c1985
Temas:
Etiquetas: Engadir etiqueta
Sen Etiquetas, Sexa o primeiro en etiquetar este rexistro!

MARC

LEADER 00000nam^a2200000^a^4500
001 000103999
005 20250521000000.0
009 20260310093407.261
020 |a 0-674-81736-2 
037 |a Acervo ITESO - Biblioteca 
041 |a ING 
082 |a 355. 0335  |b HUN 
100 |a Huntington, Samuel P.  |e (autor) 
245 1 4 |a The Soldier and the State :  |b The Theory and Politics of Civil-Military Relations /  |c S.P. Huntington. 
264 4 |a Cambridge, EUA :  |b Harvard University, Belknap,  |c 1998, c1985 
300 |a 534 p. 
336 |a texto  |b txt  |2 rdacontenido 
337 |a sin mediación  |b n  |2 rdamedio 
338 |a volumen  |b nc  |2 rdasoporte 
520 |a Esta es una obra ya clásica, donde el autor cuestiona muchos de los viejos supuestos sobre el papel de los militares en la sociedad, y desarrolla una teoría general de las relaciones entre la sociedad civil y la milicia. 
649 |a XX 
650 |a Política Militar -  |x Teoría 
650 |a Política Militar -  |z EUA 
650 |a Fuerzas Armadas 
650 |a Sociedad Civil 
650 |a Estado, El 
650 |a Política 
650 |a Etica Política 
910 |a Fondo General 
920 |a Impresos - Libros 
930 |a Colección General 
905 |a 101 
901 |a 0500038965  |b IT1  |c ACC  |u 20250521 
902 |a https://opac.biblio.iteso.mx/vufind/Record/000103999